| 000 | 01041naa a2200289 c 4500 | ||
|---|---|---|---|
| 001 | 41317 | ||
| 003 | ES-MaCES | ||
| 005 | 20221201040017.0 | ||
| 008 | 110223n2010 sp t 000 | spa d | ||
| 035 | _aCES20110002080v | ||
| 040 |
_aES-MaCES _bspa _cES-MaCES |
||
| 100 | 1 |
_aCavas Martínez, Faustino _99355 |
|
| 245 | 1 | 4 |
_aLos contratos formativos en la reforma laboral de 2010 _cFaustino Cavas Martínez |
| 500 | _aResumen | ||
| 610 | 1 | 4 |
_aEspaña _tLey de medidas urgentes para la reforma del mercado de trabajo _d2010 _92998 |
| 650 | 4 |
_aprocedimiento laboral _930887 |
|
| 650 | 4 |
_asentencia judicial _929888 |
|
| 650 | 4 |
_alegislación del trabajo _927166 |
|
| 650 | 4 |
_aformación profesional _927394 |
|
| 650 | 4 |
_acontrato de aprendizaje _929927 |
|
| 650 | 4 |
_atrabajador _928414 |
|
| 653 | 1 | 0 | _aJurisprudencia |
| 773 | 0 |
_tAranzadi social _gn. 11 (oct. 2010){10650 R. 077967}; p. 11-26 _w(ES-MaCES)25655 _967524 |
|
| 902 | _aART Artículo de revista | ||
| 942 |
_2CES _cAR _h6.2. |
||
| 999 |
_c41317 _d41317 |
||